Voo nocturno (Record no. 46035)

MARC details
000 -Etiqueta do registo
Valores 00775nam a2200253 4500
010 ## - Número ISBN
ISBN 9789895547616
021 ## - Número do Depósito Legal
Número 313899/10
100 ## - Dados gerais de processamento
Dados gerais 20250320d2010 d y0pory50030103ba
101 1# - Língua de publicação
Língua por
102 ## - País de publicação
País PT
200 1# - Titulo e menção de responsabilidade
Título próprio Voo nocturno
Primeira menção de responsabilidade Antoine Saint-Exupéry
Outras menções de responsabilidade trad. Carlos Leite
-- pref. André Gide
210 #9 - Publicação
Local de publicação Matosinhos
Nome do editor Quidnovi,
-- dist. Global Notícias
Data de publicação D.L. 2010
215 ## - Descrição física 
Paginação / Volumes 95, [1] p.
Dimensões 20 cm
225 2# - Colecção 
Título próprio da colecção Biblioteca de verão
Indicação de volume 22
304 ## - Nota relativa ao título
Texto de nota Tít. orig.: Vol de nuit
317 ## - Nota de proveniência
Texto da nota Biblioteca Matilde Rosa Araújo
675 ## - CDU
Notação 821.133.1-31"19"
Edição BN
Língua por
700 #1 - Autor principal
Apelido Saint-Exupéry,
Nome Antoine de,
Datas 1900-1944
702 #1 - Autor secundário
Apelido Leite,
Nome Carlos
Função 730
702 #1 - Autor secundário
Apelido Gide,
Nome André,
Datas 1869-1951
Função 080
801 #0 - Fonte de origem
País PT
Agência BN
Regras de catalogação RPC
990 ## - Elementos KOHA
Tipo de documento Livro
Holdings
Aquisição Empréstimo Código de barras Cota Permissão de empréstimo Tipo de documento
Biblioteca Escolar Doutor Hernâni Cidade Biblioteca Escolar Doutor Hernâni Cidade 82883 82-34 SAI CONTOS   Livro

Powered by Koha